| 000 | 00607nam a2200169 a 4500 | ||
|---|---|---|---|
| 001 | 000047380 | ||
| 005 | 20201002060517.0 | ||
| 008 | 180510s2016 dr a 000 spa d | ||
| 020 | _a9789945902204 | ||
| 040 |
_aDO-SdBNP _bspa _cBNPHU |
||
| 082 |
_axxx _bM26e |
||
| 100 | 1 |
_aMadera Soriano, Luz Inmaculada _975030 |
|
| 245 | 0 |
_aEstrategia de gestión del plan nacional de alfabetización 2012-2016 :. : _bvisión y experiencia nacional / _cLuz Inmaculada Madera Soriano. |
|
| 260 |
_aSanto Domingo : _bMinisterio de Educación, _c2016. |
||
| 300 |
_a245 p. : _bil. ; _c29 cm. |
||
| 590 | _aInventariado, 2018/DG | ||
| 999 |
_c46868 _d46868 |
||